| 000 | 00691nam a2200217Ia 4500 | ||
|---|---|---|---|
| 005 | 20241129111454.0 | ||
| 008 | 241129s9999||||xx |||||||||||||| ||und|| | ||
| 020 | _a978-0-367-67436-6 | ||
| 037 | _aTB | ||
| 040 |
_aCRL _beng _cCRL |
||
| 041 |
_aeng _2eng |
||
| 084 |
_aMZA:(D65,8(B)) R1 _qCRL |
||
| 100 |
_aDodd Maya Ed.; Kalra Nidhi Ed. _9724518 |
||
| 245 | 0 |
_aExploring digital humanities in India: pedagogies, practices, and institutional possibilities _cDodd Maya Ed.; Kalra Nidhi Ed. |
|
| 260 |
_aLondon, UK _bRoutledge _c2021 |
||
| 300 | _axvi,207p. | ||
| 365 |
_aINR _b695 |
||
| 650 | _aUseful Arts | ||
| 942 |
_cTB _hMZA:(D65,8(B)) R1 |
||
| 999 |
_c1230628 _d1230628 |
||